[Event "GER-chA U25"]
[Site "Oberhof"]
[Date "2011.06.16"]
[Round "7"]
[White "Hoffmann, Tim"]
[Black "Allin, Alexander"]
[Result "1/2-1/2"]
[WhiteElo "1673"]
[BlackElo "1492"]
[PlyCount "23"]
[EventDate "2011.06.11"]
[EventType "swiss"]
[EventRounds "9"]
[EventCountry "GER"]
[SourceTitle "CBM 142 Extra"]
[Source "ChessBase"]
[SourceDate "2011.06.27"]
[SourceVersion "1"]
[SourceVersionDate "2011.06.27"]
[SourceQuality "1"]

1. e4 e5 2. Nf3 Nc6 3. d4 exd4 4. Bc4 Bb4+ 5. c3 dxc3 6. 0-0 Nge7 7. Ng5 Ne5 8. Qb3 0-0 9. bxc3 Bc5 10. Be2 N7g6 11. Kh1 h6 12. Nh3 1/2-1/2

[Event "GER-chA U25"]
[Site "Oberhof"]
[Date "2011.06.14"]
[Round "4"]
[White "Bieg, Pascal"]
[Black "Allin, Alexander"]
[Result "1/2-1/2"]
[WhiteElo "1841"]
[BlackElo "1492"]
[PlyCount "61"]
[EventDate "2011.06.11"]
[EventType "swiss"]
[EventRounds "9"]
[EventCountry "GER"]
[SourceTitle "CBM 142 Extra"]
[Source "ChessBase"]
[SourceDate "2011.06.27"]
[SourceVersion "1"]
[SourceVersionDate "2011.06.27"]
[SourceQuality "1"]

1. d4 d5 2. c4 e6 3. Nc3 Nf6 4. Bg5 Nbd7 5. e3 Be7 6. Nf3 0-0 7. cxd5 exd5 8. Bd3 c6 9. 0-0 Re8 10. Qc2 Nf8 11. h3 Ng6 12. Ne5 Nd7 13. Bxe7 Qxe7 14. Nxg6 hxg6 15. e4 dxe4 16. Nxe4 Nf6 17. Rfe1 Bf5 18. Nxf6+ Qxf6 19. Bxf5 Qxf5 20. Qxf5 gxf5 21. Kf1 Kf8 22. Re2 Re7 23. Rxe7 Kxe7 24. Re1+ Kf6 25. Ke2 Re8+ 26. Kd2 Rxe1 27. Kxe1 Ke6 28. Kd2 Kd5 29. Kd3 b5 30. b4 Kd6 31. Ke3 1/2-1/2